Do Fiscal Multipliers Vary with Different Character of Monetary-Fiscal Interactions?
Analýza fiškálnych multiplikátorov v normálnej situácii a pri aktívnej dolnej hranici úrokových mier (zero lower bound, ZLB) pomocou štruktúrnych VAR modelov.
Enregistré dans:
| Auteur principal: | |
|---|---|
| Format: | Chapitre de livre |
| Langue: | anglais |
| Sujets: | |
| Tags: |
Pas de tags, Soyez le premier à ajouter un tag!
|
MARC
| LEADER | 00000naa a2200000 4500 | ||
|---|---|---|---|
| 001 | 0247083 | ||
| 005 | 20180827113142.2 | ||
| 041 | 0 | |a eng | |
| 044 | |a SK | ||
| 245 | 1 | 0 | |a Do Fiscal Multipliers Vary with Different Character of Monetary-Fiscal Interactions? |c Michal Benčík |
| 520 | |a Analýza fiškálnych multiplikátorov v normálnej situácii a pri aktívnej dolnej hranici úrokových mier (zero lower bound, ZLB) pomocou štruktúrnych VAR modelov. | ||
| 610 | 2 | 0 | |a politika menová |
| 610 | 2 | 0 | |a miera úroková |
| 610 | 2 | 0 | |a politika fiškálna |
| 610 | 2 | 0 | |a metóda Value at Risk |
| 610 | 2 | 0 | |a modely ekonometrické |
| 100 | 1 | |a Benčík, Michal | |